[Event "Linares"]
[Site "Linares"]
[Date "1994.??.??"]
[Round "?"]
[White "Lautier, Joel"]
[Black "Bareev, Evgeny"]
[Result "1/2-1/2"]
[WhiteElo "2625"]
[BlackElo "2685"]
[Annotator "Bareev,E"]
[PlyCount "106"]
[EventDate "1994.??.??"]

{60/410} 1. d4 1... d5 2. c4 c6 3. Nf3 Nf6 4. Nc3 a6 5. Qb3 e6 6. Bg5 dxc4 7.
Qxc4 b5 8. Qd3 c5 9. a4 9... cxd4 $1 $11 {N} (9... bxa4 {- 57/(417)}) 10. Nxd4
b4 11. Ne4 Bb7 12. Bxf6 $1 12... gxf6 13. Rd1 $1 13... Be7 $8 (13... Nd7 $2 14.
Nxe6 $18) (13... f5 $2 14. Nxf5 Qxd3 15. Nf6+ Kd8 16. Rxd3+ $18) 14. Qf3 $1
14... b3 $8 (14... Bd5 15. Nf5 $18) (14... Nd7 15. Nxf6+ $18) 15. e3 $8 (15.
Nxf6+ Bxf6 16. Qxb7 Qa5+ 17. Rd2 Bxd4 18. Qxa8 18... O-O $19) (15. Nc6 Nxc6 16.
Rxd8+ Rxd8 17. e3 (17. Nxf6+ Kf8 18. e3 Bb4+ 19. Ke2 19... Nd4+ $19) 17... Bb4+
18. Nc3 Bxc3+ 19. bxc3 b2 (19... Rg8 20. Bxa6) 20. Qe4 Rg8 (20... Rb8 21. Qb1
Ba8 22. Bxa6 Rb3 23. Ke2 Na5 24. Qc2 Ke7 25. Rb1 Rhb8 26. Bb5 $18) 21. Qb1 (21.
Qc2 Ne5 22. Qxb2 22... Bxg2 $19) (21. f4 Rb8 (21... Na5 22. Qc2 Nc4 23. Bxc4
Rxg2 24. Be2 Bf3 25. Qxb2 Rxe2+ 26. Qxe2 Bxe2 27. Kxe2 Rb8 28. Kd3 Rb2 29. h4
Ra2 30. Rg1 Rxa4 31. Rg7 31... h5 $11) 22. Qb1 Ba8 23. Rg1 Na5 24. Bd3 24...
Rxg2 $19) 21... Ne5 22. f4 Bxg2 23. fxe5 Bxh1 24. Qxb2 24... fxe5 $15) 15...
Qa5+ 16. Ke2 (16. Rd2 Kf8 17. Qf4 (17. Nxb3 Qb4 18. Nd4 f5) 17... Nd7 18. Bd3 (
18. Qh6+ Ke8 19. Bd3 Ne5 20. Ke2 Nxd3 21. Rxd3 21... Bb4 $17) (18. Nxb3 Qb4 19.
Nec5 (19. Nc3 Qxb3 20. Rxd7 20... Qxb2 $17) 19... Nxc5 20. Qxb4 Nd3+ 21. Rxd3
21... Bxb4+ $17) 18... Qe5 $15) 16... Kf8 17. Qf4 Qe5 (17... Qh5+ 18. f3 e5 19.
Qf5 Qg6 20. Qxg6 hxg6 21. Nxb3 $16) 18. f3 $2 (18. Qh6+ Ke8 19. Nd2 Nc6 20.
N2xb3 20... Rb8 $44) 18... Qxf4 19. exf4 Kg7 20. f5 $6 (20. Nxb3 20... Bxe4 $5
(20... Bd5 21. Nbd2 Nc6 22. Nc3 22... Rhb8 $44 (22... Nd4+ 23. Kf2 23... Bc6
$44)) 21. fxe4 Nc6 22. Kf3 Rhb8 23. Nd4 Nxd4+ 24. Rxd4 24... Rxb2 $11) 20...
Nc6 21. fxe6 (21. Nxb3 exf5 22. Nec5 22... Bc8 $17 23. Kf2 Rb8 24. Rd2 Na5)
21... Nxd4+ 22. Rxd4 Rhd8 23. Rd7 (23. Rxd8 Rxd8 24. exf7 (24. Nd2 24... Bc6
$17) 24... Rc8 (24... Ba3 25. Nd2 (25. Kf2 Bxb2 26. Bc4 Bd4+ 27. Kg3 27... Bd5
$17) 25... Bxb2 26. Nxb3 Ba3 27. Kf2 Bd5 28. Nd2 Bc5+ 29. Kg3 Bb4 (29... Bxf7
30. Ne4 Be3 31. Bxa6 f5 32. Re1) 30. Nc4 Rc8 (30... Bxf7 31. Be2 Re8 32. Bd3
Rd8 33. Be2 Re8 34. Rb1 a5 35. Bf1 35... Re1 $11) 31. Ne3) 25. Ke3 25... Rc2
$17) 23... Rxd7 24. exd7 Rd8 25. Ke3 (25. Nd2 Rxd7 26. Nxb3 26... Bb4 $17)
25... f5 (25... Rxd7 26. Bc4 (26. Bd3 f5 27. Nc3 Bc5+ 28. Ke2 Re7+ 29. Kd1
29... f4 $15) 26... f5 27. Nc3 27... Bg5+ $11) 26. Ng3 (26. Nc3 Rxd7 (26...
Bc5+ 27. Kd3 (27. Kd2 Rxd7+ 28. Bd3 $11 28... f4 29. Rd1 Bd4) 27... Rxd7+ 28.
Kc4 Bd4 29. Kxb3 29... Bxc3 $11) 27. Bc4 Bg5+ (27... Bc5+ 28. Ke2 Rd4 29. Bd3
$11) 28. f4 Bxf4+ 29. Kxf4 Rd4+ 30. Kxf5 Rxc4 31. Rd1 $11) 26... Bc5+ 27. Kf4 (
27. Kd3 f4 (27... Rxd7+ 28. Kc4 Ba7 29. Kxb3 Bd5+ 30. Kc2 (30. Bc4 Rb7+ 31. Kc3
Bxc4 32. Kxc4 Rxb2 33. Nxf5+ Kf6 34. g4 34... h5 $11) 30... Rc7+ 31. Kb1 $18)
28. Nh5+ (28. Kc4 fxg3 (28... Bf8 29. Nh5+ Kh6 30. Nxf4 Rxd7 31. Kxb3 31... Rd1
$44) 29. Kxc5 Rxd7 30. hxg3 Rd2 31. Bc4 Rxb2 (31... Rxg2 32. Bxb3 Rxb2 33. Bc4
$11) 32. Kb6 Bc8 33. Bxa6 Bf5 34. g4 Bg6 35. Bb7 Ra2 36. a5 b2 37. a6 37... Ra1
$19) 28... Kh6 29. Nxf4 Rxd7+ 30. Kc3 Be3 31. Nd3 31... a5 $44) 27... Bd6+ 28.
Kxf5 (28. Kg5 h6+ 29. Kh5 Bxg3 30. hxg3 Rxd7 31. Rh4 (31. Bc4 Rd2 32. Bxb3 Rxb2
33. Bc4 33... Rxg2 $19) 31... Rd2 32. Rb4 Rd1 33. Rxb7 Rxf1 34. Rb4 Rg1 35. Rf4
Rxg2 36. Rxf5 36... Rxb2 $19) 28... Rxd7 29. Ne4 (29. Nh5+ Kf8 (29... Kh6 30.
Nf6 Rd8 31. Bc4 $16) 30. Bc4 30... Rc7 $19) (29. Bc4 Re7 30. Nh5+ (30. Ne4 $2
30... Bxe4+ 31. fxe4 31... Re5+ $19) (30. Kg5 h6+ 31. Kh4 Re5 32. Nh5+ Kf8 33.
g4 Bxf3 34. Rf1 34... Re3 $1 $19 (34... Re4 35. Rxf3 Rxc4 36. Rxb3 36... Bxh2
$11)) 30... Kh6 (30... Kf8 31. Rd1 Bc8+ 32. Kf6 Be5+ 33. Kg5 $16) 31. g4 (31.
Ng3 Be5 32. Kg4 Bc8+ 33. Nf5+ Kg6 34. Bd3 34... h5+ $19) 31... Bxf3 32. Rc1
Re5+ 33. Kf6 33... Bxg4 $19) 29... Bc7 30. Bc4 (30. Kg5 f5 (30... Rd4 31. g4
$11) 31. Ng3 h6+ 32. Kh4 (32. Kh5 Rd5 33. f4 Bxf4 34. Bc4 Rc5 35. Re1 35... Bg5
$19) (32. Kxf5 Rd4 33. Ke6 Bc8+ 34. Ke7 Bd8+ 35. Ke8 Bh4 36. Nh5+ 36... Kg6 $19
) 32... Bd8+ 33. Kh3 (33. Kh5 Rd5 34. Bc4 34... Bc6 $19) 33... Kg6 34. Ne2
34... Bc7 $17) 30... Re7 $2 (30... Bc8 31. Kg5 f5 32. Be6 $8 (32. Kxf5 Rd5#) (
32. Ng3 Bd8+ 33. Kh5 33... Rd4 $19) 32... fxe4 33. Bxd7 Bxd7 34. fxe4 h6+ 35.
Kh5 35... Bxa4 $19) 31. Nc3 $8 31... Re5+ 32. Kg4 Kh6 (32... h5+ 33. Kh4 (33.
Kh3 Bc8+ 34. Kh4 Bd8+ 35. Kg3 h4+ 36. Kf2 Bb6+ 37. Kf1 37... Bf5 $17) 33...
Bd8+ 34. Kg3 (34. Kh3 Bc8+ 35. g4 hxg4+ 36. fxg4 Re3+ 37. Kg2 37... Bxg4 $17)
34... h4+ 35. Kh3 Bc8+ (35... Rg5 36. Ne4 Bc8+ 37. g4 hxg3+ 38. Kg2) 36. g4
hxg3+ 37. Kxg3 Rg5+ 38. Kf4 (38. Kf2 Bb6+ 39. Ke1 $13) 38... Rg2 $11) 33. f4 $8
33... Re3 (33... Rc5 34. Bxb3 (34. Bxf7)) 34. Bd5 (34. Nd5 Bc8+ 35. Kh4 Bd8+)
34... f5+ (34... Bc8+ 35. f5 $16) 35. Kxf5 Bc8+ 36. Kf6 Bxf4 (36... Bd8+ 37.
Kf7 Re7+ 38. Kf8 Bd7 39. Bf7 $18) 37. Bxb3 (37. Rf1 Be5+ 38. Kf7 Bg4 (38...
Bxc3 39. bxc3 Rxc3 40. Rf6+ Kg5) 39. Bxb3 Bh5+ 40. Kg8 Bxc3 41. bxc3 41... Rxc3
$11) 37... Bg5+ 38. Kf7 Bg4 39. Kf8 (39. Rf1 Re7+ 40. Kg8 Rg7+ (40... Rb7 41.
Bd5 Rxb2 42. Ne4) 41. Kh8 (41. Kf8 Rb7 42. Bd5 (42. Bf7 42... Rxb2 $11) 42...
Rxb2 (42... Rb8+ 43. Kf7 Rxb2 44. Ne4 Rxg2 45. Nxg5 45... Bh5+ $11) 43. Ne4
Rb8+ 44. Kf7 Bh5+ 45. Ke6) 41... Rb7 42. Bg8 Rb8 (42... Rxb2 43. Ne4 43... Rxg2
$11) 43. Rf7 Be6 44. Rxh7+ Kg6 45. Rg7+ Kh6 46. Ne4) 39... Be7+ 40. Kg8 Bb4 41.
Bf7 (41. Rc1 Re8+ 42. Kf7 Rf8#) (41. Nd5 Be6+ 42. Kh8 42... Bf8 $19) 41... Bxc3
42. bxc3 Rxc3 43. Re1 Rc2 44. Bd5 (44. h3 44... Bd7 $11) 44... Rd2 45. Be4 (45.
Bc6 Rd6 46. Bf3 Bxf3 (46... Bf5 47. Re5 Bg6 48. Kf8 Rd8+ 49. Ke7 Re8+ 50. Kd6
$18) 47. gxf3 Kg5 48. Kxh7 Rd3 (48... Rh6+ 49. Kg7 Rg6+ 50. Kf7 Rf6+ 51. Ke8
Rxf3 52. Re6 Rh3 53. Rxa6 53... Rxh2 $11) 49. Re6 Rxf3 50. Rg6+ Kf5 51. Rxa6
Rh3+ 52. Rh6 Ra3 53. Rh4 53... Kg5 $11) 45... Bh5 $1 46. Rf1 (46. Kf8 46... Rd7
$1 47. Bc6 (47. Rf1 Rd8+ 48. Ke7 48... Re8+ $19) 47... Rf7+ 48. Kg8 Rg7+ 49.
Kf8 (49. Kh8 49... Bf7 $19) 49... Rf7+ $11) 46... Bg6 47. Bb7 47... Rd4 $1 $11
48. a5 Ra4 49. Rf6 Rxa5 50. Rxa6 Rh5 (50... Rxa6 51. Bxa6 Kg5 52. g3 52... h5
$11) 51. h3 Re5 52. Ra8 Kg5 53. Bf3 53... h5 $11 1/2-1/2

[Event "Linares"]
[Site "Linares"]
[Date "1994.??.??"]
[Round "?"]
[White "Lautier, Joel"]
[Black "Polgar, Judit"]
[Result "1-0"]
[WhiteElo "2625"]
[BlackElo "2630"]
[Annotator "Lautier,J"]
[PlyCount "79"]
[EventDate "1994.??.??"]

{60/152} 1. e4 1... c5 2. c3 d5 3. exd5 Qxd5 4. d4 Nc6 5. Nf3 Nf6 6. Be2 (6.
Be3 {- 60/(152)}) 6... e6 7. O-O cxd4 8. cxd4 Be7 9. Nc3 Qd6 10. Nb5 Qd8 11.
Bf4 Nd5 12. Bg3 O-O 13. Bc4 a6 14. Bxd5 14... exd5 $6 15. Nc7 15... Ra7 {N} (
15... Rb8 {- 40/170}) 16. Qb3 Bd6 17. Bxd6 Qxd6 18. Qb6 {Ne5} 18... f6 $8 19.
Rac1 Rf7 (19... Bg4 {- 60/(152)}) 20. Ne8 Qd7 (20... Qf4 $1 21. Rxc6 $1 (21.
Qc5 21... Bg4 $1 22. Nd6 (22. Qxd5 Bxf3 23. gxf3 Qxd4 (23... Nxd4 $2 24. Rc8
Nxf3+ 25. Qxf3 $1 25... Qxf3 26. Nxf6#) 24. Qb3 (24. Qxd4 Nxd4 25. Rc8 Rf8 26.
Rd1 26... Nc6 $1 (26... Nxf3+ $6 27. Kg2 Ne5 28. Rdd8 Ng6 29. Rd7 Ne5 (29...
Kh8 30. Nd6 $16) 30. Rxg7+ Kh8 31. Re7 $16) 27. Rd7 (27. Rd6 Ne7 28. Rb8 28...
Nc6 $11) 27... b5 $1 $11) 24... Kf8 $1 $14 (24... Qb4 $2 25. Rxc6 $3 25... Qxb3
26. Rc8 $18)) 22... Bxf3 23. gxf3 Qg5+ (23... Qxf3 $5 24. Rc3 Qg4+ 25. Rg3 $1
25... Qxd4 26. Qxd4 Nxd4 27. Re1 Rf8 28. Re7 g6 29. Rc3 Nb5 30. Nxb5 axb5 31.
Rcc7 31... Rd8 $14) 24. Kh1 24... Rf8 $14) 21... bxc6 22. Qd8 Rf8 23. Qxc8 Re7
24. Qxa6 Rfxe8 25. Qxc6 $16) 21. Rfe1 21... a5 $1 22. Nc7 h6 (22... Qxc7 $4 23.
Re8+ $18) 23. Ne6 $1 (23. Nb5 Ra6 24. Qc5 24... a4 $1 $14 {Ra5}) 23... a4 24.
h3 Ra6 25. Qc5 (25. Qb5 $6 25... Nb8 $1 26. Qxd7 Bxd7 27. Nd8 Rf8 28. Nxb7 Rb6
29. Rc7 29... Rxb2 $11) 25... Ne7 26. Nf4 Rc6 27. Qa5 27... Rxc1 $6 (27... Kh7
$142) 28. Rxc1 Kh7 29. Qc5 $1 $16 {Nd5 Bc8} 29... Qf5 (29... Rf8 30. Nxd5 $18)
30. Nxd5 Nxd5 31. Qxc8 Rd7 32. Re1 (32. Qc2 $1 32... Qxc2 33. Rxc2 Nb4 34. Rc4
Nxa2 35. Rxa4 Nc1 36. Rc4 Nd3 37. b3 $16) 32... Nf4 33. Re8 Ng6 (33... Qb1+ $2
34. Kh2 Qf1 35. Rh8+ Kg6 36. Nh4+ $18) 34. Qc4 $6 (34. g3 $5 34... h5 35. h4
$16) 34... h5 35. Qe6 (35. Qxa4 $6 35... Rc7 $132 {Nf4}) (35. Qg8+ Kh6 36. Qh8+
$4 36... Nxh8 37. Rxh8+ Qh7) 35... Qb1+ $2 (35... Qxe6 $1 36. Rxe6 Nf4 37. Re3
(37. Re4 $6 37... Nd3 38. Re2 38... Nc1 $11) (37. Rb6 Ne2+ 38. Kf1 Nxd4 39.
Nxd4 Rxd4 40. Rxb7 40... Rd2 $14) 37... Rc7 $14) 36. Kh2 Rc7 37. Qd5 $1 37...
Kh6 (37... Nf4 38. Qd6 $18) 38. g4 hxg4 39. hxg4 f5 40. Qd6 {Rh8#} 1-0

[Event "Linares"]
[Site "Linares"]
[Date "1994.??.??"]
[Round "?"]
[White "Lautier, Joel"]
[Black "Topalov, Veselin"]
[Result "1-0"]
[WhiteElo "2625"]
[BlackElo "2640"]
[Annotator "Lautier,J"]
[PlyCount "110"]
[EventDate "1994.??.??"]

{60/52} 1. d4 1... e6 2. c4 b6 3. Nc3 Bb7 4. a3 (4. e4 {- 60/(52)}) 4... f5 5.
d5 Nf6 6. g3 6... g6 {N} 7. Bg2 Bg7 8. e3 (8. Nh3 $14 $142) 8... O-O 9. Nge2 e5
(9... c6 $1 10. O-O cxd5 11. cxd5 11... Na6 $11) 10. O-O d6 11. e4 $14 11...
fxe4 12. Nxe4 Nxe4 13. Bxe4 Nd7 14. Nc3 Bc8 15. Bg2 (15. h4 $5 15... Nf6 16.
Bg5 $14) 15... Nf6 16. h3 16... Rf7 $1 17. Be3 Qf8 18. Qd2 a5 19. b4 Ba6 20.
Nb5 20... Kh8 $1 {Ng8, Bh6} 21. Rfc1 (21. bxa5 Bxb5 22. cxb5 Rxa5 23. a4 Ng8
24. Rfc1 24... Bh6 $11) (21. Rfb1 {ba5} 21... Bxb5 22. cxb5 22... Ng8 $11)
21... Ng8 22. Ra2 Bh6 23. Rac2 Bxe3 24. Qxe3 axb4 25. axb4 Bxb5 26. cxb5 26...
Ra7 $11 27. Qc3 $1 {f4} 27... Qg7 28. Ra1 Rxa1+ 29. Qxa1 29... h5 $1 30. Qc1
30... Qf6 {h4} 31. h4 Qf5 32. Kh2 $8 {Bh3} 32... Nf6 33. Bh3 Ng4+ 34. Bxg4 hxg4
(34... Qxg4 35. Qh6+ Kg8 36. Ra2 36... Rf8 $11) 35. Kg1 Kg7 36. Qd2 36... g5 $5
(36... Qe4 37. Rc1 $11) 37. hxg5 Kg6 38. Rc4 38... Rh7 $6 (38... Qxg5 $2 39.
Qc2+ Kh6 40. Rxc7 $18) (38... Qb1+ 39. Kg2 (39. Rc1 39... Qe4 {Rh7}) 39... Rh7
40. Qc2+ Qxc2 41. Rxc2 Kxg5 42. Kf1 Kf5 43. Rc4 $11) 39. Qd1 $1 39... Kxg5 (
39... Qf3 40. Qc2+ $1 40... Qf5 41. Rxc7 $18) 40. Qc1+ Kg6 41. Rxc7 41... Rxc7
$4 (41... Qe4 $1 42. Rxh7 $8 42... Kxh7 43. Qc7+ 43... Kg8 $1 44. Qxb6 (44.
Qxd6 Qb1+ 45. Kg2 Qe4+ 46. Kf1 Qd3+ 47. Ke1 Qe4+ 48. Kd2 48... Qd4+ $11) 44...
Qb1+ 45. Kg2 (45. Kh2 45... Qh7+ $11) 45... Qe4+ 46. Kf1 Qd3+ 47. Ke1 Qc3+ 48.
Ke2 Qc2+ 49. Ke3 Qc3+ 50. Ke2 $11 (50. Ke4 $4 50... Qf3#)) 42. Qxc7 $18 42...
Qb1+ (42... Kg5 43. Qd8+ $1 (43. Qxb6 $2 43... Qb1+ 44. Kh2 Qh7+ 45. Kg2 45...
Qe4+ $11) 43... Qf6 44. Qxb6) 43. Kh2 Qxb4 44. Qxb6 {Q 4/f} 44... Kf5 45. Qa7
$1 45... Qxb5 46. Qh7+ Kf6 (46... Kg5 47. Qe7+ Kf5 48. Qxd6 {- 46... Kf6}) 47.
Qh6+ Kf5 48. Qxd6 Qe2 (48... Ke4 $142 49. Qg6+ (49. Qe6 $2 49... Qe2 (49...
Qxd5 $2 50. Qxg4+ Kd3 51. Qd1+) 50. Qf7 50... Qc4 $1 51. Qd7 (51. Qg8 51... Qe2
$1 $11) 51... Qe2 $1 $11) 49... Kxd5 50. Qxg4 {Qf5, g4}) 49. Qf8+ Kg5 50. d6
Qd2 51. Qg7+ Kf5 52. Qf7+ Kg5 53. d7 Qd4 54. Qg7+ Kh5 55. Qh7+ Kg5 (55... Kg5
56. d8=Q+ $1 56... Qxd8 57. Qh4+) 1-0

[Event "Linares"]
[Site "Linares"]
[Date "1994.??.??"]
[Round "?"]
[White "Polgar, Judit"]
[Black "Bareev, Evgeny"]
[Result "1/2-1/2"]
[WhiteElo "2630"]
[BlackElo "2685"]
[Annotator "Bareev,E"]
[PlyCount "92"]
[EventDate "1994.??.??"]

{60/282} 1. e4 1... e6 2. d4 d5 3. Nc3 Nf6 4. Bg5 dxe4 5. Nxe4 Be7 6. Bxf6 Bxf6
7. Nf3 O-O 8. Qd2 b6 9. Nxf6+ Qxf6 10. Bd3 Bb7 11. Ng5 h6 12. Nh7 Qxd4 13. Nxf8
Kxf8 14. c3 Qh4 (14... Qd6 15. f3 (15. O-O Nd7 16. Qe2 $16) 15... Nd7 16. O-O-O
$18) (14... Qd5 15. O-O-O (15. f3 Nd7 16. Be4 Qxd2+ 17. Kxd2 Bxe4 18. fxe4 Ne5
19. Rad1 Nc4+ 20. Kc1 Ke7 21. Rd4 b5 (21... Ne5 22. Rhd1 a5 23. a4 g5 24. Kc2
h5 25. Ra1 c5 26. Rdd1 Nc4 27. Re1 Ne5 28. Reb1 g4 29. b4 cxb4 30. cxb4 Rc8+
31. Kd2 31... Rd8+ $11) 22. b3 c5 23. Rdd1 Ne5 24. h3) 15... Nc6 16. Qf4 $18)
15. O-O-O (15. g3 Qf6 16. Rf1 Nd7 17. Be2 Nc5 18. O-O-O 18... Bg2 $11) 15...
Bxg2 16. Rhg1 16... Bf3 $1 {N} (16... Bc6 {- 49/339}) 17. Be4 (17. Rde1 Nd7 18.
Re3 Bc6 19. Reg3 19... g5 $15) 17... Bxe4 18. Rg4 Qe7 19. Rxe4 Nc6 20. Rg1 (20.
Qd7 Qxd7 21. Rxd7 Rc8 22. Rc4 22... Ke8 $11) 20... Qd6 $1 (20... Rd8 21. Qe3
Rd5 22. Reg4 $36) 21. Qe2 (21. Rc4 Qxd2+ 22. Kxd2 22... Ne5 $19) (21. Qe3 Ne7 (
21... Qxh2 22. Reg4 Qe5 (22... g5 23. Qf3 Qd6 24. Rc4 $18) 23. Qf3 Qd5 24. Qxd5
exd5 25. Rxg7 $16) 22. Rd4 22... Qxh2 $1 $17 (22... Qc6 23. Qf4 23... b5 $1 $13
(23... Nf5 24. Rc4 $16))) 21... Rd8 (21... Ne7 22. h4 $16) 22. h4 22... h5 $1
23. Qe3 (23. Rd1 Qxd1+ 24. Qxd1 Rxd1+ 25. Kxd1 Ke8 26. Ra4 Kd7 27. b4 a5 28. b5
Ne7 29. Rd4+ Kc8 30. c4 $11) 23... Qd5 (23... Qd3 $2 24. Qxd3 Rxd3 25. Rc4 Rd6
26. a4 g6 27. b4 a6 28. Rd1 Ke7 29. b5 $18) 24. Kc2 (24. a3 Na5 25. Qe2 Nb3+ (
25... Qa2 26. Kc2 Nb3 27. Rd1 Na1+ 28. Kc1 28... Nb3+ $11) 26. Kc2 Nc5 27. Re5
Qb3+ 28. Kb1 Na4 29. Qc2) 24... Ne7 (24... Qxa2 25. Qg3 (25. Qg5 g6 26. Qh6+
Ke7 27. Qg5+ Ke8) 25... g6 26. Qxc7 Qd5 27. Rge1 Rd7 28. Qc8+ 28... Kg7 $15)
25. Qe2 Nf5 26. Rd1 Qxd1+ 27. Qxd1 Rxd1 28. Kxd1 {R 1/l} 28... Ke7 29. b4 (29.
Ke2 {Kf1-g2-h3=}) 29... a6 30. a4 f6 (30... Kd7 31. a5 b5 32. c4 Nd6 33. Re5
$11) (30... Nd6 $5 31. Re5 g6 32. a5 Nc4 33. Re4 b5 34. f4 $11) 31. Ke2 (31. a5
b5 32. Ke1 Nd6 33. Rd4 e5 34. Rd5 c6 35. Rd3 $11) 31... Kd7 32. Rf4 Kc6 33.
Rc4+ Kd6 34. b5 (34. a5 b5 35. Rc5 (35. Re4 e5 36. Kd3 g5 37. hxg5 fxg5 38. c4
bxc4+ 39. Rxc4 c6 40. Rc1 g4 41. Ke4 Ne7 42. Rh1 Nd5 43. Kf5 Nxb4 44. Rxh5 $11)
35... c6 36. c4 bxc4 37. Rxc4 37... Kd7 $11) 34... a5 (34... axb5 35. axb5 $11)
35. Rf4 Kc5 (35... g5 36. hxg5 fxg5 37. Re4 (37. Rf3 Ke7 38. Rd3 Nd6 39. Rh3 h4
(39... Ne4 40. Rxh5 Nxc3+ 41. Kd3 Nxa4 42. Rxg5 $11) 40. f4 gxf4 41. Rxh4 $11)
37... e5 38. Kf3 Kd5 39. Re1 g4+ 40. Kg2 e4 41. Rd1+ Kc4 42. Rd7 Kxc3 43. Rxc7+
Kb4 44. Rc6 Kxa4 45. Rxb6 $11) 36. Kd3 Nd6 37. Rf3 Nf5 (37... e5 38. Rg3 e4+
39. Kc2 Nf5 40. Rg1 $11) 38. Rf4 Kd6 39. Rc4 Kd7 (39... e5 $15) 40. Re4 40...
Nd6 $11 41. Re1 Ke7 42. f4 $1 42... g6 (42... Nf5 43. Rg1 Kf7 44. c4 $5 (44.
Rh1 $11) 44... Nxh4 45. c5 Nf5 46. cxb6 cxb6 47. Rc1 Ne7 48. Rc7 Kf8 49. Rb7 (
49. f5 $5) 49... Nd5 50. f5 e5 51. Kc4 Ne3+ 52. Kd3 52... Nd5 $11) 43. Rg1 Kf7
44. c4 Nb7 45. Ke3 Nc5 46. Rd1 Ke7 1/2-1/2

[Event "Linares"]
[Site "Linares"]
[Date "1994.??.??"]
[Round "?"]
[White "Polgar, Judit"]
[Black "Beliavsky, Alexander G"]
[Result "1-0"]
[WhiteElo "2630"]
[BlackElo "2650"]
[Annotator "Polgar,Zs"]
[PlyCount "87"]
[EventDate "1994.??.??"]

{60/289} 1. e4 1... e6 2. d4 d5 3. Nc3 Bb4 4. e5 c5 5. a3 Bxc3+ 6. bxc3 Ne7 7.
Qg4 Qc7 8. Bd3 c4 9. Be2 O-O 10. h4 {N} (10. Nf3 {- 57/297}) 10... f6 11. f4
Nbc6 12. Nf3 b5 13. h5 a5 14. Bd2 (14. h6 $5 14... g6 15. exf6 Rxf6 16. Qh4 Rf8
17. g4 $36) 14... Rb8 (14... f5 $5 15. Qh4 15... Bd7 {b4}) 15. O-O 15... b4 $2
(15... f5 $1) 16. axb4 axb4 17. cxb4 17... c3 $2 (17... Nxb4 18. exf6 Rxf6 19.
c3 Nd3 20. Bxd3 cxd3 21. Ne5 $16) 18. Bxc3 Nxe5 19. fxe5 Qxc3 20. Bd3 20... h6
$5 (20... f5 21. Qh4 Nc6 22. b5 Nb4 23. Ra7 Rb7 24. Rxb7 Bxb7 25. h6 $16) 21.
b5 f5 22. Qh4 Qc7 23. Rfb1 Rf7 24. Qe1 Bd7 25. Ra6 Nc8 26. b6 Qb7 27. Qa5 Bc6
28. Qc5 Qd7 29. Ra3 Qe8 30. Rc3 Bb7 31. Qb5 Qd8 32. Qa5 Ra8 33. Qc5 Re7 34. Qb4
Qe8 35. Nh4 Ra4 36. Qb5 Qxh5 37. Nxf5 exf5 38. Qxa4 Qh4 39. Bxf5 Rxe5 40. Bxc8
Bxc8 41. Rxc8+ Kh7 42. Rf8 Rh5 43. Rh8+ $1 43... Kxh8 44. Qe8+ (44. Qe8+ Kh7
45. Qxh5 $18) 1-0